000 00375cam a22001217a 4500
008 180718b1973 xxu||||| |||| 00| 0 eng d
082 _aA81x54 In2/71/4/Pt 4
100 _aCensus of India 1971
245 _aBihar: housing report and tables
260 _aDelhi
_bThe Manager of Publications
_c1973
300 _a111+p.
440 _aCensus of India 1971. Series-4, Bihar. Part IV
999 _c484944
_d484944